| 000 | 00779aam a2200241 4500 | ||
|---|---|---|---|
| 003 | EG-GiCUC | ||
| 008 | 061210s1970 le f d 000 0 ara d | ||
| 040 |
_aEG-GiCUC _bara _cEG-GiCUC |
||
| 041 | 1 |
_aara _hheb |
|
| 050 | 4 |
_aPJ4847 _bK6 |
|
| 092 | 0 | 4 |
_a492.431 _bK798 1970 _221 |
| 099 |
_a04 _a492.431 K798 1970 |
||
| 100 | 1 | _aقوجمان : ى | |
| 245 | 1 | 0 |
_aقاموس عبرى عربى / _cقوجمان ى |
| 260 |
_a[بيروت] : _bمكتبة المحتسب : _c[1970] |
||
| 300 |
_a1035ص ؛ _c25سم |
||
| 650 | 7 |
_aاللغة العبرية _vالمعاجم _xعربى _2qrmak |
|
| 650 | 7 |
_aاللغة العربية _vالمعاجم _xعبرى _2qrmak |
|
| 902 | _a6 | ||
| 905 |
_aابراهيم _eمدخل |
||
| 905 |
_aايمان ع _eمراجع |
||
| 942 |
_2ddc _cREF |
||
| 999 |
_c90154 _d90154 |
||